• 首页
  • 本馆介绍
  • 公告通知
  • 最新文献
  • 馆藏检索
  • 电子资源
  • 读者导购
  • 参考咨询
  • 我的图书馆
  • 登录
  • 详细信息显示
  • 放入我的书架
  • 预约/预借图书
  • 作者相关作品
  • 分类相关作品
  • 丛书相关作品
  • 出版社相关作品

书目信息

  • 表格格式
  • 工作单格式
  • 卡片格式
题名:
场效应晶体管及其集成电路
    
 
作者: 江丕桓 编
分册:  
出版信息: 北京   国防工业出版社  1974
页数: 299页
开本: 20cm
丛书名:
单 册:
中图分类: TN322
科图分类:
主题词: 晶体管
电子资源:
ISBN:
000 00589nam0 2200205 450
001 0655156032
005 20060601160218.67
010    @dCNY0.98
100    @a20060601d1974 km y0chiy0120 ea
101 0  @achi
102    @aCN@b110000
102    @aCN@b110000
200 1  @a场效应晶体管及其集成电路@Achang xiao ying jing ti guan ji qi ji cheng dian lu@f江丕桓等编@Fjiang pi huan deng bian
210    @a北京@c国防工业出版社@d1974
215    @a299页@d20cm
606 0  @a晶体管
690    @aTN322@v3
701  0 @a江丕桓@Ajiang pi huan@4编
801  0 @aCN@bPFT@c20060601
905    @a10447@dTN322@e25
    
    场效应晶体管及其集成电路/江丕桓等编.-北京:国防工业出版社,1974
    299页;20cm
    
    
    ISBN :CNY0.98
    
●
相关链接 在E读中查询图书 在五车中查询图书 在当当中查询图书 在豆瓣中查询图书


正题名:场效应晶体管及其集成电路     索取号:TN322/25         预约/预借

序号 登录号 条形码 馆藏地/架位号 状态 备注
1 0420095   204200952   密集书库/ [索取号:TN322/25] 在馆    
2 0420330   204203307   密集书库/ [索取号:TN322/25] 在馆    
3 0421859   204218596   密集书库/ [索取号:TN322/25] 在馆    
唐山师范学院图书馆 欢迎您!
大连网信软件有限公司© 版权所有